| 000 | 01027nam a22003257a 4500 | ||
|---|---|---|---|
| 003 | CHAP | ||
| 005 | 20220329143241.0 | ||
| 008 | 070830d2004 us ad r 00110 spa d | ||
| 010 | _a93952 | ||
| 011 | _a94924 | ||
| 035 | _a105524 | ||
| 040 | _cCHAP | ||
| 090 | _aFolleto 17302 | ||
| 100 | 0 | 0 |
_aAshford, Lori. _97925 |
| 245 | 1 | 0 |
_aDatos a destacar sobre la población mundial en el año 2004 _c/por Lori Ashford |
| 260 |
_aWashington, DC : _bPopulation Reference Bureau, _c2004. |
||
| 300 |
_a4 p. : _bilus. ; gráfs. ; cuad. |
||
| 590 |
_aBATCH-UPD _b10 _c20130110 _lUCH01 _h0443 |
||
| 590 |
_aBATCH-UPD _b10 _c20130410 _lUCH01 _h0120 |
||
| 590 |
_aBATCH-UPD _b10 _c20130914 _lUCH01 _h0418 |
||
| 590 |
_aCONVERSION _b10 _c20130109 _lUCH01 _h1352 |
||
| 650 | 1 | 4 |
_aDemografía. _931742 |
| 650 | 1 | 4 |
_aPoblación. _989360 |
| 650 | 1 | 4 |
_aPolítica demográfica. _990485 |
| 901 | _aBK | ||
| 905 | _aMarco A. Mendoza T. | ||
| 911 | _aCustodia | ||
| 942 | _cFOLL | ||
| 949 |
_aFolleto 17302 _bBC _cFOLL _d33724002036413 _eTS1 _i105524 _sb |
||
| 999 |
_c93952 _d93952 |
||